000 00674nam a2200253Ia 4500
003 OSt
005 20220918163432.0
006 a|||||r|||| 00| 0
007 ta
008 220917b |||||||| |||| 00| 0 eng d
020 _a0 85326 835 6
024 _a28,806
037 _cTextual
040 _aARTS
_cARTS
_beng
041 _2eng
_aeng
082 _aO111,3M12,MC, J1;N4
100 _aDickens Charles
_911511
245 0 _aMartin Chuzzlewit
260 _aWare
_bWordsworth Classics
_c1994
300 _a785p.
_ccm.
650 _aENGLISH LITERATURE
942 _hO111,3M12,MC, J1;N4
_cTEXL
_2CC
999 _c119602
_d119602